000 00382nam a2200145Ia 4500
005 20251222143243.0
008 251222s9999||||xx |||||||||||||| ||spa||
020 _a978-964-2824-36-6
082 _a298/M93
100 _aMuhammad Husain Tabatabai, Allamah Seyed
245 0 _aIntroducción al conocimiento del Islam:
250 _a2a.ed.
264 _bElhame Shargh
942 _cLIB
999 _c14663
_d14663